000 00848nam2a2200205 4500
001 RU\NLR\PER_A\010548472_002100
005 20250625065150.0
035 _a(NLR Aleph) 021961578
090 _a12321801
_c12321801
100 _a20230609d2023 |||y0rusy50 ca
101 0 _arus
102 _aRU
200 0 _a2023, № 4 (103)
210 _d2023
_aБ. м.
461 0 _1001RU\NLR\Per\1086286
_12001#$aСаша и Маша$e1000 приключений$eжурнал для детей в возрасте 5-8 лет$fТолока$v2023, № 4 (103)
_910327014
_cСмоленск
_d2014 -
_fТолока
_nТолока
_o1000 приключений : журнал для детей в возрасте 5-8 лет
_tСаша и Маша
_x2313-5689
_v2023, № 4 (103)
852 _aNLR
_jП29/1897
942 _cISSUE
980 _aNB
980 _aRUSPER